000 00981cas a2200301 a 4500
001 11517
003 BD-RjUL
005 20211208235135.0
008 140127s1975 ii fr p 1 0eng c
030 _aHMLGBX
035 _a(BD-RjUL)11566
_a(OCoLC)ocm01586618
040 _aMnMULS
_beng
_cMnMULS
_dNIC
_dOCoLC
_dNST
_dAIP
_dNST
_dN
_dNSDP
_dNST
_dDLC
_dICRL
_dDLC
_dOCoLC
_dNLGGC
_dNNC
_dDEBBG
_dGBVCP
_dUKMGB
_dOCoLC
_dBD-RjUL
041 0 _aenghin
082 0 0 _a555.4
_bHIM 1975
245 0 0 _aHimalayan geology /
_cEdited by A. G.
260 _aDelhi :
_bWadia Institute of Himalayan Geology,
_c1975
300 _aviii, 666 p. :
_bill. ;
_c24 cm.
505 _aVol. 3 -- V. 4 ---
650 0 _aGeology
_zHimalaya Mountains.
_933890
650 1 7 _aGeologie.
_2gtt
_935628
650 0 7 _aGeologie.
_2swd
_935629
651 7 _aHimalaja.
_2swd
_935630
655 4 _aZeitschrift.
_9149074
700 1 _aJhingran, A. G.
_935631
942 _2ddc
_cBK
999 _c11517
_d11517